000 01112nam0a2200289 4500
001 RU\NLR\bibl\1089498
005 20260405174711.0
010 _a5-9717-0432-X
_95000
021 _aRU
_b2007-25577
_91357
035 _a(NLR Aleph) 001076644
090 _a1032418
_c1032418
100 _a20070522d2007 |||y0rusy50 ca
101 0 _arus
102 _aRU
105 _aa |||||||||
200 1 _aВитязь
_e[роман]
_aВыбор воина
_fАлексей Витковский
_g[ил. Алексея Витковского]
210 _aСанкт-Петербург
_cКрылов
_d2007
215 _a779, [1] с.
_cил.
_d22
225 1 _aМужской клуб
700 1 _4070
_7ca
_8rus
_aВитковский
_bА.
_cписатель, иллюстратор
_f1970-
_gАлексей
_958812
_3RU\NLR\auth\7775884
702 1 _4430
_7ca
_8rus
_aВитковский
_bА.
_cписатель, иллюстратор
_f1970-
_gАлексей
_958812
_3RU\NLR\auth\7775884
801 0 _aRU
_bNLR
_c20070522
_gRCR
801 1 _aRU
_bNLR
_c20070522
942 _cBOOK
980 _aNB